• 首页
  • 本馆介绍
  • 公告通知
  • 最新文献
  • 馆藏检索
  • 电子资源
  • 读者导购
  • 参考咨询
  • 我的图书馆
  • 登录
  • 详细信息显示
  • 放入我的书架
  • 预约/预借图书
  • 作者相关作品
  • 分类相关作品
  • 丛书相关作品
  • 出版社相关作品

书目信息

  • 表格格式
  • 工作单格式
  • 卡片格式
题名:
设计的细节
    
 
作者: ;甘菁菁 译 ;日经设计 编
分册:  
出版信息: 北京   人民邮电出版社  2016.11
页数: 185页
开本: 21cm
丛书名:
单 册:
中图分类: TB21
科图分类:
主题词: 设计学
电子资源:
ISBN: 978-7-115-43450-0
000 01006nam0 2200253 450
001 4827
005 20181013101842.86
010    @a978-7-115-43450-0@dCNY59.00
100    @a20170328d2016 em y0chiy50 ea
101 1  @achi@cjpn
102    @aCN@b110000
105    @aa z 000yy
200 1  @a设计的细节@9she ji de xi jie@e日本经典设计透析@f(日)日经设计编@g甘菁菁译
210    @a北京@c人民邮电出版社@d2016.11
215    @a185页@c彩图@d21cm
305    @aBP社授权出版
330    @a本书为日本长销商品的设计细节透析,回顾了日本各领域长销商品的注重消费者体验的设计变迁,以详尽的图解形式对比设计的变与不变,从社会背景、消费者习惯变化、专业设计、市场等的视角分析其中的原因,并总结相关设计参考范例,尝试在设计、科技、商业直接寻求更深层的价值与平衡。
517 1  @a日本经典设计透析@9ri ben jing dian she ji tou xi
606 0  @a设计学
690    @aTB21@v5
702  0 @a甘菁菁@9gan jing jing@4译
711 02 @c(日)@a日经设计@9ri jing she ji@4编
801  0 @aCN@b91MARC@c20170328
905    @aMuseLib@dTB21@e195
    
    设计的细节:日本经典设计透析/(日)日经设计编/甘菁菁译.-北京:人民邮电出版社,2016.11
    185页:彩图;21cm
    
    
    ISBN 978-7-115-43450-0:CNY59.00
    本书为日本长销商品的设计细节透析,回顾了日本各领域长销商品的注重消费者体验的设计变迁,以详尽的图解形式对比设计的变与不变,从社会背景、消费者习惯变化、专业设计、市场等的视角分析其中的原因,并总结相关设计参考范例,尝试在设计、科技、商业直接寻求更深层的价值与平衡。
●
相关链接 在E读中查询图书 在五车中查询图书 在当当中查询图书 在豆瓣中查询图书


正题名:设计的细节     索取号:TB21/195         预约/预借

序号 登录号 条形码 馆藏地/架位号 状态 备注
1 1126839   211268395   第二样本阅览室/ [索取号:TB21/195] 在馆    
2 1126840   211268402   密集书库-资源管理系/ [索取号:TB21/195] 在馆    
3 1126841   211268411   第三借阅区/ [索取号:TB21/195] 在馆    
4 1126842   211268420   第三借阅区/ [索取号:TB21/195] 在馆    
5 1126843   211268439   第三借阅区/ [索取号:TB21/195] 在馆    
唐山师范学院图书馆 欢迎您!
大连网信软件有限公司© 版权所有